000 00306nam a2200133 i 4500
001 bg
100 1 _aNIKITIN, B. N.
245 0 _aOsnovy teorii kopcenija ryby /
_cB.N. Nikitin.
260 _aMoskwa,
_c1982.
040 _cBPK
041 _apol
942 _cKS
008 s pl f |000 0 pol
999 _c28442
_d28442
856 _uhttp://koha.tu.koszalin.pl/cgi-bin/koha/opac-detail.pl?biblionumber=28442
_yKatalog online BPK